000
00324 a2200157 4500
001
73320
020
_a
8576780186
040
_c
Anchieta - Colégio São Paulo
100
_a
Reame, Eliane
240
1
0
_a
Matemática
_l
por
245
1
0
_a
Matemática
300
_a
362
0
_a
2005
650
4
_a
Matemática
942
_c
BK
999
_c
73320
_d
73320